<?xml version="1.0" encoding="UTF-8"?>
<record
    xmlns:xsi="http://www.w3.org/2001/XMLSchema-instance"
    xsi:schemaLocation="http://www.loc.gov/MARC21/slim http://www.loc.gov/standards/marcxml/schema/MARC21slim.xsd"
    xmlns="http://www.loc.gov/MARC21/slim">

  <leader>00369    a2200121   4500</leader>
  <datafield tag="999" ind1=" " ind2=" ">
    <subfield code="c">470</subfield>
    <subfield code="d">470</subfield>
  </datafield>
  <controlfield tag="008">221017b           ||||| |||| 00| 0 eng d</controlfield>
  <datafield tag="082" ind1="0" ind2="0">
    <subfield code="a">344.0463 </subfield>
    <subfield code="b">B5752</subfield>
  </datafield>
  <datafield tag="245" ind1=" " ind2=" ">
    <subfield code="a">Commentary on MARPOL: consolidated edition. Volume B</subfield>
  </datafield>
  <datafield tag="260" ind1=" " ind2=" ">
    <subfield code="a">Mumbai:</subfield>
    <subfield code="b">Bhandarkar Publication,</subfield>
    <subfield code="c">2016.</subfield>
  </datafield>
  <datafield tag="300" ind1=" " ind2=" ">
    <subfield code="a">B-96+371 p.</subfield>
  </datafield>
  <datafield tag="650" ind1=" " ind2="0">
    <subfield code="a">Marine pollution - Law and legislation</subfield>
  </datafield>
  <datafield tag="942" ind1=" " ind2=" ">
    <subfield code="2">ddc</subfield>
    <subfield code="c">BK</subfield>
  </datafield>
  <datafield tag="952" ind1=" " ind2=" ">
    <subfield code="0">0</subfield>
    <subfield code="1">0</subfield>
    <subfield code="2">ddc</subfield>
    <subfield code="4">0</subfield>
    <subfield code="6">344_046300000000000_B5752</subfield>
    <subfield code="7">0</subfield>
    <subfield code="9">1855</subfield>
    <subfield code="a">CL</subfield>
    <subfield code="b">CL</subfield>
    <subfield code="d">2017-05-04</subfield>
    <subfield code="e">Sterling Book House</subfield>
    <subfield code="g">0.00</subfield>
    <subfield code="o">344.0463  B5752</subfield>
    <subfield code="p">12535</subfield>
    <subfield code="r">2019-10-14</subfield>
    <subfield code="v">0.00</subfield>
    <subfield code="y">BK</subfield>
  </datafield>
  <datafield tag="952" ind1=" " ind2=" ">
    <subfield code="0">0</subfield>
    <subfield code="1">0</subfield>
    <subfield code="2">ddc</subfield>
    <subfield code="4">0</subfield>
    <subfield code="6">344_046300000000000_B5752</subfield>
    <subfield code="7">0</subfield>
    <subfield code="9">1856</subfield>
    <subfield code="a">CL</subfield>
    <subfield code="b">CL</subfield>
    <subfield code="d">2017-05-04</subfield>
    <subfield code="e">Sterling Book House</subfield>
    <subfield code="g">0.00</subfield>
    <subfield code="o">344.0463  B5752</subfield>
    <subfield code="p">12537</subfield>
    <subfield code="r">2019-10-14</subfield>
    <subfield code="v">0.00</subfield>
    <subfield code="y">BK</subfield>
  </datafield>
  <datafield tag="952" ind1=" " ind2=" ">
    <subfield code="0">0</subfield>
    <subfield code="1">0</subfield>
    <subfield code="2">ddc</subfield>
    <subfield code="4">0</subfield>
    <subfield code="6">344_046300000000000_B5752</subfield>
    <subfield code="7">0</subfield>
    <subfield code="9">1857</subfield>
    <subfield code="a">CL</subfield>
    <subfield code="b">CL</subfield>
    <subfield code="d">2017-05-04</subfield>
    <subfield code="e">Sterling Book House</subfield>
    <subfield code="g">0.00</subfield>
    <subfield code="l">1</subfield>
    <subfield code="o">344.0463  B5752</subfield>
    <subfield code="p">12539</subfield>
    <subfield code="r">2022-10-14</subfield>
    <subfield code="s">2022-09-26</subfield>
    <subfield code="v">0.00</subfield>
    <subfield code="y">BK</subfield>
  </datafield>
  <datafield tag="952" ind1=" " ind2=" ">
    <subfield code="0">0</subfield>
    <subfield code="1">0</subfield>
    <subfield code="2">ddc</subfield>
    <subfield code="4">0</subfield>
    <subfield code="6">344_046300000000000_B5752</subfield>
    <subfield code="7">0</subfield>
    <subfield code="9">1858</subfield>
    <subfield code="a">CL</subfield>
    <subfield code="b">CL</subfield>
    <subfield code="d">2017-05-04</subfield>
    <subfield code="e">Sterling Book House</subfield>
    <subfield code="g">0.00</subfield>
    <subfield code="o">344.0463  B5752</subfield>
    <subfield code="p">12541</subfield>
    <subfield code="r">2019-10-14</subfield>
    <subfield code="v">0.00</subfield>
    <subfield code="y">BK</subfield>
  </datafield>
  <datafield tag="952" ind1=" " ind2=" ">
    <subfield code="0">0</subfield>
    <subfield code="1">0</subfield>
    <subfield code="2">ddc</subfield>
    <subfield code="4">0</subfield>
    <subfield code="6">344_046300000000000_B5752</subfield>
    <subfield code="7">0</subfield>
    <subfield code="9">1859</subfield>
    <subfield code="a">CL</subfield>
    <subfield code="b">CL</subfield>
    <subfield code="d">2017-05-04</subfield>
    <subfield code="e">Sterling Book House</subfield>
    <subfield code="g">0.00</subfield>
    <subfield code="o">344.0463  B5752</subfield>
    <subfield code="p">12543</subfield>
    <subfield code="r">2019-10-14</subfield>
    <subfield code="v">0.00</subfield>
    <subfield code="y">BK</subfield>
  </datafield>
</record>
